| 000 | 00410cam a2200157ua 4500 | ||
|---|---|---|---|
| 041 |
_aeng _h |
||
| 082 |
_a821 _bHOP/PO |
||
| 100 | _aHopkins, Gerald Manley . | ||
| 245 |
_aPoems of Gerald Manley Hopkins / _cGerald Manley Hopkins. _hTextual Documents |
||
| 250 |
_a4 / _b. |
||
| 260 |
_aLondon : _bOxford University Press , _c1967. |
||
| 300 | _a362 ; . | ||
| 504 | _a | ||
| 942 | _cBK | ||
| 999 |
_c4452 _d4452 |
||